000 00941nam a2200265 a 4500
003 CO-ViMGA
005 20230915225028.0
008 111128r20082001ck a jr 00010dspa d
020 _a9789583008528
040 _aCO-ViMGA
_bspa
_cCO-ViMGA
043 _as-ck---
082 0 4 _aI863.6
_bR65r
_219
100 1 _aRomán, Celso,
_d1947-
_91119
245 1 3 _aEl retorno de los colores /
_cCelso Román Campos ; ilustraciones Javier Fernando Porras.
250 _a3ra. reimpresión /
_bedición Mireya Fonseca Leal.
260 _aBogotá :
_bPanamericana Editorial,
_c2008.
300 _a47 p. :
_bil. ;
_c19 cm.
490 0 _aColección Osito de anteojos
650 1 4 _aColores
_v Cuentos infantiles.
_91121
650 1 4 _aCuentos colombianos.
_931
650 1 4 _aCuentos infantiles colombianos.
_91120
700 1 _aFonseca Leal, Raquel Mireya,
_eed.
_91123
700 1 _aPorras Rodríguez, Javier Fernando,
_eil.
_91122
942 _2ddc
_cBK
999 _c3133
_d3133